| 000 | 01746cam a22005054i 4500 | ||
|---|---|---|---|
| 003 | PE-LiUPU | ||
| 005 | 20250731165557.0 | ||
| 008 | 150625s r 000 0 d | ||
| 020 | _a0899222846 | ||
| 035 | _a(Sirsi) i9780899222844 | ||
| 040 |
_aPE-LiUPU _bspa _cPE-LiUPU _erda |
||
| 049 | _aPRUA | ||
| 082 | 0 | 4 |
_a203d _bR21 _221 |
| 100 | 1 |
_aRamos, Marcos Antonio, _eautor. |
|
| 245 | 1 | 0 |
_aNuevo diccionario de religiones denominaciones y sectas / _cMarcos Antonio Ramos. |
| 264 | 1 |
_aMiami : _bCaribe, _c1998. |
|
| 300 |
_a341 p. ; _c21 centímetros |
||
| 336 |
_atext _2rdacontent |
||
| 337 |
_aunmediated _2rdamedia |
||
| 338 |
_avolume _2rdacarrier |
||
| 504 | _aIncluye referencias bibliográficas. | ||
| 505 | 0 | _aDiccionario de Religiones Denominaciones y Sectas. | |
| 526 | _aSEG44 | ||
| 526 | _aSEG26 | ||
| 526 | _aP151 | ||
| 526 | _aP150 | ||
| 526 | _aP149 | ||
| 526 | _aP146 | ||
| 526 | _aP145 | ||
| 526 | _aP126 | ||
| 526 | _aP125 | ||
| 526 | _aP92 | ||
| 526 | _aP75 | ||
| 526 | _aP74 | ||
| 526 | _aP27 | ||
| 526 | _aP15 | ||
| 541 | _g001-0014804; | ||
| 650 | 0 | 4 |
_aReligiones _vDiccionarios. |
| 650 | 0 | 4 |
_aSectas _vDiccionarios. |
| 942 |
_2ddc _cBOOK |
||
| 949 |
_aRC 203D R21 _wDEWEY _c1 _i55779 _lCCODEBUL1 _mBUL _p3.00 _r0 _sY _tBOOK _u2015-6-25 _xTEOLOGIA _zUNKNOWN _0COMPRA _o.CIRCNOTE. No olvidar cambiar la fecha de devolución!!!!!!! _o.STAFF. Colección General |
||
| 994 |
_aC0 _bPEPRU |
||
| 596 | _a1 | ||
| 999 |
_aRC 203D R21 _wDEWEY _c44653 _i55779 _d44653 _f2021-11-8 _g6 _lCCODEBUL1 _mBUL _p3.00 _q1 _r1 _sY _tBOOK _u2015-6-25 _xTEOLOGIA _zUNKNOWN _0COMPRA _o.CIRCNOTE. No olvidar cambiar la fecha de devolución!!!!!!! _o.STAFF. Colección General |
||
| 980 |
_81 _gALBERTO SANCHEZ Responsable de Automatización |
||